Normal view
MARC view
Entry Personal Name
001 - CONTROL NUMBER
- control field: 17222
003 - CONTROL NUMBER IDENTIFIER
- control field: BD-RjUL
005 - DATE AND TIME OF LATEST TRANSACTION
- control field: 20251023125318.0
008 - FIXED-LENGTH DATA ELEMENTS
- fixed length control field: 251023|| aca||aabn | a|a d
040 ## - CATALOGING SOURCE
- Original cataloging agency: BD-RjUL
- Transcribing agency: BD-RjUL
100 ## - HEADING--PERSONAL NAME
- Personal name: Wells, A. K.
- Fuller form of name: (Alfred Kingsley)
670 ## - SOURCE DATA FOUND
- Source citation: Work cat.: (BD-RjUL)11256: Hatch, F. H. (Frederick Henry), 1864-1932. 34655, Petrology of the igneous rocks /, c1972[Impression 1975,1980].